Elements of chemical reaction engineering

Bibliographic Details
Main Author: Fogler, H. Scott
Format: Section = Libro
Language:Undetermined
Spanish
Published: México Prentice Hall 1999
Edition:3a.ed
Subjects:
LEADER 00733nam a2200253Ia 4500
008 240830s9999 xx 000 0 und d
020 |a 0-13-973785-5 
040 |a CEDOC FIQ-RUSB / 541.393 F656 
041 |a spa 
082 |a 541.393 F656 
100 1 |a Fogler, H. Scott 
245 1 0 |a Elements of chemical reaction engineering 
250 |a 3a.ed 
260 |a México  |b Prentice Hall  |c 1999 
300 |a 975 p. :il 
650 7 |a REACCIONES QUÍMICAS 
650 7 |b  BALANCES DE MOLES 
650 7 |c  REACCIONES EN CATALIZADORES - POROSOS 
650 7 |d  CONVERSION Y TAMAÑO DEL REACTOR 
650 7 |e  CINÉTICA DE REACCIONES NO ELEMENTOS 
650 7 |f  REACCIONES HETEROGENIAS 
942 |c BK  |2 ddc 
991 |a TEXTO 
999 |c 14103